|
|
|
|
| LEADER |
00000nam0a2200000 4500 |
| 001 |
675834 |
| 005 |
20241105100102.0 |
| 035 |
|
|
|a (RuTPU)RU\TPU\book\344906
|
| 090 |
|
|
|a 675834
|
| 100 |
|
|
|a 20241024d1959 km|y0rusy50 ca
|
| 101 |
0 |
|
|a rus
|
| 102 |
|
|
|a RU
|
| 105 |
|
|
|a a z 001zy
|
| 181 |
|
0 |
|a i
|b e
|
| 182 |
|
0 |
|a n
|
| 183 |
|
0 |
|a nc
|2 RDAcarrier
|
| 200 |
|
0 |
|a Вып. 6 : Исследование стабильности дизельных топлив
|f И. А. Трактовенко, А. Я. Духнина
|g Центральный научно-исследовательский автомобильный и автомоторный институт (НАМИ) ; отв. ред. А. А. Липгарт
|
| 203 |
|
|
|a Текст
|b визуальный
|c непосредственный
|
| 210 |
|
|
|a Москва
|c Типография НАМИ
|d 1959
|
| 215 |
|
|
|a 32 с.
|c ил.
|
| 283 |
|
|
|a volume
|
| 320 |
|
|
|a библ. с. 30
|
| 461 |
|
|
|0 676182
|9 676182
|c Москва
|d 1959-1976
|f Центральный научно-исследовательский автомобильный и автомоторный институт (НАМИ) ; отв. ред. А. А. Липгарт
|n Типография НАМИ
|n Машгиз
|t Труды Центрального научно-исследовательского автомобильного и автомоторного института (НАМИ)
|v Вып. 6 : Исследование стабильности дизельных топлив
|
| 606 |
|
|
|a Дизельное топливо
|x Стабильность
|9 36725
|
| 610 |
1 |
|
|a автотракторные топлива
|
| 610 |
1 |
|
|a смазочные материалы
|
| 610 |
1 |
|
|a фактические смолы
|
| 610 |
1 |
|
|a содержание
|
| 610 |
1 |
|
|a нефтепродукты
|
| 610 |
1 |
|
|a применение
|
| 610 |
1 |
|
|a нагары
|
| 610 |
1 |
|
|a отложения
|
| 610 |
1 |
|
|a моторные топлива
|
| 610 |
1 |
|
|a терминология
|
| 610 |
1 |
|
|a высоковязкие топлива
|
| 610 |
1 |
|
|a эксплуатационные качества
|
| 675 |
|
|
|a 621.892
|v 4
|
| 700 |
|
1 |
|a Трактовенко
|b И. А.
|
| 701 |
|
1 |
|a Духнина
|b А. Я.
|
| 702 |
|
1 |
|a Липгарт
|b А. А.
|4 340
|
| 712 |
0 |
2 |
|a Государственный научно-исследовательский автомобильный и автомоторный институт (НАМИ)
|c (Москва)
|c (1946-1957)
|3 (RuTPU)RU\TPU\col\13490
|
| 801 |
|
1 |
|a RU
|b 63413507
|c 20241024
|
| 801 |
|
2 |
|a RU
|b 63413507
|c 20241024
|g RCR
|
| 942 |
|
|
|c CR
|